[Event "RUS-chT U11"]
[Site "Sochi"]
[Date "2019.05.08"]
[Round "7.2"]
[White "Yonal, Timur"]
[Black "Dordzhiev, Batr"]
[Result "1-0"]
[WhiteElo "1440"]
[BlackElo "1166"]
[PlyCount "47"]
[EventDate "2019.05.01"]
[EventType "team-tourn"]
[EventRounds "9"]
[EventCountry "RUS"]
[SourceTitle "EXT 2022"]
[Source "ChessBase"]
[SourceDate "2021.10.06"]
[SourceVersion "1"]
[SourceVersionDate "2021.10.06"]
[SourceQuality "1"]

1. e4 c6 2. Nc3 d5 3. Nf3 e6 4. d4 Nf6 5. e5 Nfd7 6. Bd3 c5 7. Ne2 c4 8. Bxh7 Rxh7 9. Ng5 Rh8 10. Ng3 Nc6 11. 0-0 b6 12. c3 Bb7 13. Qf3 Qe7 14. Nh3 0-0-0 15. Re1 Qe8 16. Ng5 Ndxe5 17. dxe5 Rd7 18. Qe2 b5 19. a4 a6 20. axb5 axb5 21. Be3 d4 22. cxd4 Nxd4 23. Bxd4 Rxd4 24. b3 1-0

[Event "RUS-chT U11"]
[Site "Sochi"]
[Date "2019.05.02"]
[Round "2.2"]
[White "Dordzhiev, Batr"]
[Black "Zverev, Lev"]
[Result "0-1"]
[WhiteElo "1166"]
[BlackElo "1781"]
[PlyCount "64"]
[EventDate "2019.05.01"]
[EventType "team-tourn"]
[EventRounds "9"]
[EventCountry "RUS"]
[SourceTitle "EXT 2022"]
[Source "ChessBase"]
[SourceDate "2021.10.06"]
[SourceVersion "1"]
[SourceVersionDate "2021.10.06"]
[SourceQuality "1"]

1. e4 e5 2. Nf3 Nc6 3. Bb5 a6 4. Ba4 Nf6 5. 0-0 Be7 6. Re1 b5 7. Bb3 d6 8. c3 0-0 9. h3 Na5 10. Bc2 c5 11. d4 cxd4 12. cxd4 Bb7 13. d5 Nc4 14. Nbd2 Nb6 15. Nf1 Re8 16. Ng3 g6 17. Nh2 Bf8 18. f4 Bg7 19. f5 Rc8 20. Bg5 h6 21. Be3 Nc4 22. Bc1 Qb6+ 23. Kh1 Qf2 24. Ne2 Ne3 25. Bxe3 Qxe3 26. Nf1 Qf2 27. fxg6 fxg6 28. Qd2 Nh5 29. Bb3 Rc7 30. Nc3 Ng3+ 31. Nxg3 Qxd2 32. Re2 Qg5 0-1